000 00829nam a2200229Ia 4500
001 11677
003 GE_BSU
008 181216s||||||||xx |||||||||||||| ||und||
040 _cGE_BSU
080 _a591.05
100 _aმეგრელიძე,ო.
245 _aცხოველთა ქიმია.
245 _bსახელმძღვ.ზოოვეტერინალური ინ–ტისა და პედინ–ტების ბიოლოგიის ფაკულტეტებისათვის.
245 _cსაზ.რედ:ქ.დგებუაძე.
260 _aთბილისი.
260 _bცოდნა.
260 _c1964.
300 _a449გვ;21სმ.
300 _eილ.
653 _aცხოველთა ქიმია.
942 _cBK
999 _c44863
_d44863